Statistiques concernant Les utilisations de la bombe atomique

Cliquez ici pour prendre le quiz!

Statistiques générales

  • Ce quiz a été pris 527 fois
  • Le résultat moyen est 5 sur 8

Statistiques - réponses

Réponse% Correct
Hiroshima
88%
États-Unis
84%
Nagasaki
71%
États-Unis
68%
Little Boy
64%
6 août 1945
40%
Fat Man
38%
9 août 1945
35%

Distribution des résultats

Percentile par nombre de réponses

% des personnes avec chaque résultat

Votre développement - résultats

Vous n’avez pas pris ce quiz